Pays qui commencent par la lettre M - Statistiques

Statistiques générales
  • Ce quiz a été pris 1 578 fois
  • Le résultat moyen est 13 sur 18
Statistiques - réponses
Continent Pays % Correct
Afrique Mauritanie
87%
Europe Moldavie
85%
Afrique Maroc
84%
Amérique Mexique
84%
Afrique Mali
80%
Europe Macédoine du Nord
78%
Afrique Madagascar
78%
Europe Monaco
78%
Europe Malte
77%
Europe Monténégro
76%
Afrique Mozambique
75%
Asie Mongolie
71%
Asie Malaisie
70%
Afrique Malawi
64%
Asie Maldives
64%
Afrique Maurice
63%
Océanie Micronésie
54%
Océanie Marshall (île)
35%
Aucun quiz correspondant
Distribution des résultats
% des personnes avec chaque résultat
Percentile par nombre de réponses
Votre historique - résultats
Vous n’avez pas pris ce quiz